00957nas a2200229Ia 4500001001100000003000900011008004100020040001300061040001300074041001300087100004400100210004200144222004200186245014100228250001100369260004000380501008600420300001900506362003900525500012000564650004300684R144/D6842IT-RoPAU151124c99999999xx |||||||||||| ||und|| aIT-RoPAU cIT-RoPAU aFRANCESE aGriset PascalgCodice Aut. SPICS: 34732 aQUADERNI-LA REVUE DE LA COMMUNICATION aQuaderni-La Revue De La Communication aQUADERNI, N.027 (1995) - PENSER LA FRONTIEREbUn Fil De Cuivre Entre Deux Mondes: Les Premieres Liaisons Telegraphiques Transatlantiques a1a ed. aCOLOMBES (FRANCIA)bAZ PRESSEc1995 bPaulus - SPICS - Società San Paolo EM (non-commercial uses only)cCopyright2015 a18 p. [97-114] aN.027 (1995) - PENSER LA FRONTIERE aFilo di Rame tra Due Mondi: Primi Collegamenti Telegrafici Transatlantici.Primo Cavo Transatlantico. Cavo Francese. aCOMUNICAZIONEvPUBBLICAZIONE PERIODICA